| 000 | 00641nam a2200229Ia 4500 | ||
|---|---|---|---|
| 003 | OSt | ||
| 005 | 20220928133830.0 | ||
| 006 | a|||||r|||| 00| 0 | ||
| 007 | ta | ||
| 008 | 220927b |||||||| |||| 00| 0 eng d | ||
| 024 | _a95082 | ||
| 037 | _cTextual | ||
| 040 |
_aSDCL _cSDCL _beng |
||
| 041 |
_2eng _aeng |
||
| 082 | _aX:93.2'N83t, M6.1-.2 | ||
| 100 |
_aIndia,Pay(Commission) _9486305 |
||
| 245 | 0 | _aFourth central pay commission report. | |
| 260 |
_aNew Delhi _bGovenment of India _c1986 |
||
| 490 | _vV1;325p | ||
| 942 |
_hX:93.2'N83t, M6.1-.2 _cTEXL _2CC |
||
| 999 |
_c800661 _d800661 |
||